000 00782nam a2200265Ia 4500
003 OSt
005 20220925204957.0
006 a|||||r|||| 00| 0
007 ta
008 220923b |||||||| |||| 00| 0 eng d
020 _a0566078007
037 _cGeneral Book
040 _aRTL
_cRTL
_beng
041 _2eng
_aeng
082 _aX:89Q8.5.N9, N7
100 _aZink Klaus J Ed.
_9269390
245 0 _aSuccessful TQM
_b Inside stories from European quality awards winners
260 _aHampshgire
_bGower
_c1997
300 _axxv, 186p
_ccm.
500 _aBibliography chapterwise: P 179-80
650 _a Management
_930681
650 _aQuality Control
942 _hX:89Q8.5.N9, N7
_cGB
_2CC
999 _c550917
_d550917